[Event "Sueca op 3rd"]
[Site "Sueca"]
[Date "2017.07.25"]
[Round "2"]
[White "Soriano Folch, Jonathan"]
[Black "Riddoch, Alan"]
[Result "1-0"]
[WhiteElo "1913"]
[BlackElo "1652"]
[PlyCount "65"]
[EventDate "2017.07.24"]
[EventType "swiss"]
[EventRounds "8"]
[EventCountry "ESP"]
[SourceTitle "CBM 179 Extra"]
[Source "ChessBase"]
[SourceDate "2017.08.23"]
[SourceVersion "1"]
[SourceVersionDate "2017.08.23"]
[SourceQuality "1"]

1. Nf3 c5 2. g3 Nc6 3. Bg2 d6 4. d4 cxd4 5. Nxd4 Bd7 6. Nc3 Nf6 7. 0-0 Qc8 8. Re1 g6 9. Nxc6 Bxc6 10. e4 Bg7 11. Nd5 Nxd5 12. exd5 Bd7 13. Qe2 0-0 14. c3 a6 15. Bg5 Re8 16. Qd2 f6 17. Bh6 Bh3 18. Bxh3 Qxh3 19. Bxg7 Kxg7 20. Re6 Qf5 21. Rae1 Kf7 22. R1e4 Rac8 23. h4 Rc7 24. g4 Qf3 25. Rf4 Qh3 26. g5 Rc5 27. Qd4 Rcc8 28. gxf6 g5 29. hxg5 Qh5 30. fxe7+ Kg8 31. Qe4 Rxe7 32. Rh4 Qf7 33. g6 1-0

[Event "Xeraco Region-ch Segunda"]
[Site "Xeraco"]
[Date "2016.11.19"]
[Round "7.1"]
[White "Riddoch, Alan"]
[Black "Reina Torres, Jose"]
[Result "1-0"]
[WhiteElo "1636"]
[BlackElo "1348"]
[PlyCount "29"]
[EventDate "2016.10.01"]
[EventType "swiss"]
[EventRounds "7"]
[EventCountry "ESP"]
[SourceTitle "EXT 2024"]
[Source "ChessBase"]
[SourceDate "2023.10.10"]
[SourceVersion "1"]
[SourceVersionDate "2023.10.10"]
[SourceQuality "1"]

1. e4 e6 2. d4 d5 3. Nc3 Nf6 4. e5 Nfd7 5. Be3 c5 6. Nf3 Nc6 7. Be2 Qb6 8. Na4 Qc7 9. c3 c4 10. b4 b6 11. 0-0 Be7 12. Ng5 0-0 13. Qc2 f5 14. Nxe6 Qd8 15. Nxd8 1-0

[Event "Paris-ch op-A"]
[Site "Paris"]
[Date "2010.07.05"]
[Round "3"]
[White "Salard, Alexandre"]
[Black "Riddoch, Alan"]
[Result "1-0"]
[WhiteElo "1852"]
[BlackElo "1899"]
[PlyCount "71"]
[EventDate "2010.07.03"]
[EventType "swiss"]
[EventRounds "9"]
[EventCountry "FRA"]
[SourceTitle "CBM 137 Extra"]
[Source "ChessBase"]
[SourceDate "2010.09.01"]
[SourceVersion "1"]
[SourceVersionDate "2010.09.01"]
[SourceQuality "1"]

1. e4 c5 2. g3 Nc6 3. Bg2 d6 4. d3 Nf6 5. Ne2 g6 6. 0-0 Bg7 7. Nbc3 0-0 8. Be3 a6 9. Qc1 Ng4 10. Bg5 Nd4 11. h3 Nxe2+ 12. Nxe2 Ne5 13. Bh6 Rb8 14. Bxg7 Kxg7 15. f4 Nc6 16. f5 f6 17. Nf4 e5 18. fxe6 Qe7 19. Nd5 Qxe6 20. c3 b5 21. a4 Ne5 22. d4 Nd7 23. Nc7 Qf7 24. Qf4 cxd4 25. Qxd6 Rb6 26. Qxd4 bxa4 27. Rf2 Rc6 28. Nd5 Nc5 29. Raf1 Nd7 30. e5 Re6 31. exf6+ Kh8 32. Ne7 Nxf6 33. Nxc8 Qg7 34. Nb6 h5 35. Nd5 Nd7 36. Rxf8+ 1-0